00270nam a2200109Ia 4500008004100000082001000041100002000051245002400071260001700095630002400112730002400136100328s9999 xx 000 0 und d b71030 aReilly Matthew. aThe 6 Sacred Stones bPocket Books aThe 6 Sacred Stones aThe 6 Sacred Stones